000 00564nam a22001697a 4500
003 OSt
005 20251106111911.0
008 250214s2013 ag ||||| |||| 00| 0 spa d
020 _a9789872888640
040 _cbesoc
110 1 _aArgentina
245 1 0 _aConstitución de la Nación Argentina :
_bIncluye los tratados internacionales de derechos humanos con jerarquía constitucional
260 _aBuenos Aires :
_bMinisterio de Justicia y Derechos Humanos de la Nación,
_c2013
300 _a254 p.
650 4 _aCONSTITUCIÓN
_zARGENTINA
_y1994
942 _2udc
_cLPD
_n0
999 _c446
_d446